Saving, Investment, and the Regional Current Account : An Analysis of Canadian, British, and German Regions /

The relationship between regional saving and investment is examined to measure the extent of capital mobility. The relationship between total regional saving and investment is significantly negative in Canada and the United Kingdom, in contrast to the significant positive relationship found across c...

Deskribapen osoa

Xehetasun bibliografikoak
Egile nagusia: Thomas, Alun
Formatua: Aldizkaria
Hizkuntza:English
Argitaratua: Washington, D.C. : International Monetary Fund, 1993.
Saila:IMF Working Papers; Working Paper ; No. 1993/062
Sarrera elektronikoa:Full text available on IMF
LEADER 01893cas a2200241 a 4500
001 AALejournalIMF008949
008 230101c9999 xx r poo 0 0eng d
020 |c 5.00 USD 
020 |z 9781451848212 
022 |a 1018-5941 
040 |a BD-DhAAL  |c BD-DhAAL 
100 1 |a Thomas, Alun. 
245 1 0 |a Saving, Investment, and the Regional Current Account :   |b An Analysis of Canadian, British, and German Regions /  |c Alun Thomas. 
264 1 |a Washington, D.C. :  |b International Monetary Fund,  |c 1993. 
300 |a 1 online resource (28 pages) 
490 1 |a IMF Working Papers 
500 |a <strong>Off-Campus Access:</strong> No User ID or Password Required 
500 |a <strong>On-Campus Access:</strong> No User ID or Password Required 
506 |a Electronic access restricted to authorized BRAC University faculty, staff and students 
520 3 |a The relationship between regional saving and investment is examined to measure the extent of capital mobility. The relationship between total regional saving and investment is significantly negative in Canada and the United Kingdom, in contrast to the significant positive relationship found across countries. The difference is attributed to government subsidies to poor regions. The relationship between personal saving and private investment is insignificant in the U.K. and Germany and is negative in Canada which suggests that capital is mobile for individuals. The relationship between retained earnings and private investment is significantly positive in the U.K. and Canada suggesting capital immobility for firms but a test for the presence of regional corporate liquidity constraints yields no effects. 
538 |a Mode of access: Internet 
830 0 |a IMF Working Papers; Working Paper ;  |v No. 1993/062 
856 4 0 |z Full text available on IMF  |u http://elibrary.imf.org/view/journals/001/1993/062/001.1993.issue-062-en.xml  |z IMF e-Library